000 00455nam a2200169 i 4500
001 bg
100 1 _aBOCCHINO, William A.
245 0 _aSystemy informacyjne zarządzania :
_bnarzędzia i metody /
_cWilliam A. Bocchino.
260 _aWarszawa :
_bWNT,
_c1975.
650 9 _aInformacja dla zarzadzania
040 _cBPK
041 _apol
080 _a004
080 _a65.01+002.513.5:004
942 _cKS
008 s pl f |000 0 pol
999 _c15936
_d15936
856 _uhttp://koha.tu.koszalin.pl/cgi-bin/koha/opac-detail.pl?biblionumber=15936
_yKatalog online BPK